000 00292nam a2200109Ia 4500
005 20251222143211.0
008 251222s9999||||xx |||||||||||||| ||spa||
082 _a370.91/U61
245 0 _aGuía Teórica del Idioma Asháninka
264 _bUniversidad Católica Sedes Sapientiae
942 _cLIB
999 _c13452
_d13452